00715nam a2200181 i 4500001000700000003000900007005001700016007000300033008004100036100003900077245015000116260003200266300002900298700003400327852003200361999001900393952012100412147039ES-MaACL20230906201758.0t|070920s1958 sp ||||1| spa d1 aTschebotarioff, Gregory P.911160110aMecánica del suelo b: cimientos y estructuras de tierra / cGregory P. Tschebotarioff ; traducción del inglés por Manuel S. Andreu Medall. aMadrid : bAguilar, c1958. aXXVII, 642 p. ; c22 cm.1 aAndreu Medall, Manuel.921645 aES-MaACLjC-14200 bR.42090 c147039d147039 00104070aATENEOMbATENEOMcSPALd2008-01-17eSCl0oC-14200p1153452r2023-02-23 00:00:00w2023-02-23yMONOGRAFIA